000 00731cam a2200241 a 4500
001 4452379
005 20180123043314.0
008 950608s1996 nyuab j b 001 0 eng
010 _a 95030603
020 _a1568473206 (hc)
040 _aDLC
_cDLC
_dDLC
041 _aeng
042 _alcac
080 _a551.415
082 0 0 _a551.415 WAT
_220
100 1 _a91
101 _aGJEO
245 1 0 _aDeserts /
_cJulia Waterlow.
504 _aIncludes bibliographical references (p. 47) and index.
906 _a7
_bcbc
_corignew
_d1
_eocip
_f19
_gy-gencatlg
942 _2ddc
_cBK
999 _c40746
_d40746